000 00408cam a2200157ua 4500
082 _a671.83
_bKAM/FO
100 _aKamenschikov, G .
_91764
245 _aForging Practice /
250 _a1 /
260 _aMoscow :
_bForeign Language Publishing House ,
_c1971.
300 _a412 ; .
700 1 _aCheenobrovkin, B .
_91765
700 1 _aKoltun, S .
_91766
700 1 _aNaumov, V .
_91767
942 _cBK
999 _c3299
_d3299